Detalles MARC
| 000 -CABECERA |
| campo de control de longitud fija |
03156nam a2200265 4500 |
| 003 - IDENTIFICADOR DEL NÚMERO DE CONTROL |
| campo de control |
vecauma |
| 005 - FECHA Y HORA DE LA ÚLTIMA TRANSACCIÓN |
| campo de control |
20260415131244.0 |
| 007 - CAMPO FIJO DE DESCRIPCIÓN FÍSICA--INFORMACIÓN GENERAL |
| campo de control de longitud fija |
ta |
| 008 - DATOS DE LONGITUD FIJA--INFORMACIÓN GENERAL |
| campo de control de longitud fija |
260415b ve ||||| |||| 00| 0 spa d |
| 020 ## - ISBN |
| Número Internacional Estándar del Libro |
8474900654 |
| 040 ## - FUENTE DE LA CATALOGACIÓN |
| Centro catalogador/agencia de origen |
vecauma |
| Lengua de catalogación |
spa |
| Centro/agencia transcriptor |
vecauma |
| Centro/agencia modificador |
vecauma |
| Normas de descripción |
rda |
| 041 ## - CÓDIGO DE LENGUA |
| Código de lengua del recurso |
spa |
| 100 1# - AUTOR PERSONAL |
| Término indicativo de función/relación |
autor |
| 245 1# - MENCIÓN DE TÍTULO |
| Título |
Huid del escepticismo |
| Resto del título |
Una educación liberal como si la verdad contara para algo |
| Mención de responsabilidad, etc. |
/ Christopher Derrick |
| 250 ## - MENCIÓN DE EDICIÓN |
| Mención de edición |
2 ed. |
| 264 ## - PRODUCCIÓN, PUBLICACIÓN, DISTRIBUCIÓN, FABRICACIÓN Y COPYRIGHT |
| Producción, publicación, distribución, fabricación y copyright |
Madrid, España: |
| Nombre del de productor, editor, distribuidor, fabricante |
Ediciones encuentro; |
| Fecha de producción, publicación, distribución, fabricación o copyright |
1997. |
| 300 ## - DESCRIPCIÓN FÍSICA |
| Extensión |
177 páginas. |
| 336 ## - TIPO DE CONTENIDO |
| Término de tipo de contenido |
texto |
| Código de tipo de contenido |
txt |
| Fuente |
rdacontenido |
| 337 ## - TIPO DE MEDIO |
| Nombre/término del tipo de medio |
no mediado |
| Código del tipo de medio |
n |
| Fuente |
rdamedio |
| 338 ## - TIPO DE SOPORTE |
| Nombre/término del tipo de soporte |
volumen |
| Código del tipo de soporte |
nc |
| Fuente |
rdasoporte |
| 505 0# - NOTA DE CONTENIDO CON FORMATO |
| Nota de contenido con formato |
La condición estudiantil /<br/>Una educación para la libertad /<br/>En el supermercado /<br/>El escepticismo y los profesores /<br/>Un cerdo es un cerdo /<br/>¿Quién pretende saber? /<br/>La palabra <<católico>> /<br/>Las siete artes liberales /<br/>Sueño y realidad /<br/> |
| 520 3# - SUMARIO, ETC. |
| Sumario, etc. |
Christopher Derrick, discípulo de C.S. Lewis, es un conocido crítico literario y polemista inglés, cuyos artículos y recensiones aparecen en gran número de periódicos ingleses y norteamericanos. Su amistad con E. F. Schumacher, el famoso autor de Lo pequeño es hermoso, se ha traducido en una fecunda colaboración . <br/>Este libro se inserta en la gran tradición anglosajona del debate cultural ente el sentido común, el sentido religioso y las ideologías.<br/>El autor se basa en el insólito caso de un college norteamericano, donde profesores y estudiantes no viven inmersos en el relativismo sino que, a partir de una experiencia de vida cristiana, constituyen un lugar efectivo de educación para la libertad y relativismo, que abre en la vida del hombre un camino hacia la esclavitud y no un progreso hacia la libertad. |
| 942 #1 - ELEMENTOS DE ENTRADA AGREGADA (KOHA) |
| Fuente del sistema de clasificación o colocación |
Library of Congress Classification |
| Ocultar en OPAC |
No |
| Tipo de ítem Koha |
Libros |